1423 1070 1014 1782 1088 1392 1448 1643 1661 1354 1551 1701 1522 1524 1168 1718 1960 1739 1176 1971 1958 1483 1203 1872 1362 1299 1544 1943 1681 1549 1399 1439 1054 1333 1698 1496 1667 1060 1106 1735 1157 1382 1033 1767 1791 1563 1583 1549 1180 1869 1186 1533 1345 1724 1525 1920 1492 1383 1626 1239 1467 1607 1804 1688 1037 1863 1923 1076 1988 1719 1258 1194 1941 1275 1729 1983 1315 1246 1745 1104 1492 1005 1361 1683 1882 1861 1040 1891 1634 1546 1680 1559 1117 1114 1740 1644 1185 1646 1731 BCNSPRNW ULIB Ver.6.0+V

เปลี่ยนเป็นภาษาไทย

Change to English
 แสดงรายละเอียดบรรณานุกรม
  กลับหน้าหลัก

Brief Record : Get Marc (ISO 2709) : E-mail record : QR code < ปิดหน้าต่าง
LEADER : 00000nam 2200000uu 4500
001    13399110573
003     ULIB
008    110603s2552||||th 000 0 tha d
020    9789744140920
041 1  tha^heng
050  4 JK421^bก945ก 2552
100 1  โกลด์สมิธ, สตีเฟน
245 10 การบริหารงานภาครัฐแบบเครือข่าย : มิติใหม่ของภาครัฐ =^bGoverning by network /^cผู้เขียน Stephen Goldsmith & William D. Eggers ; แปลและเรียบเรียงโดย จักร ติงศภัทิย์, กฤษฎา ปราโมทย์ธนา
246 31 Governing by network
250    พิมพ์ครั้งที่ 2
260    กรุงเทพฯ :^bเอ็กซเปอร์เน็ท,^c2552
300    363 หน้า :^bภาพประกอบ ;^c21 ซม.
500    แปลจาก Governing by network : the new shape of thepublic sector/ Stephen Goldsmith, William D. Eggers, c2004."
650  7 ความร่วมมือระหว่างภาครัฐบาลและเอกชน^zสหรัฐอเมริกา
650  7 การบริหารรัฐกิจ^zสหรัฐอเมริกา
650  7 การว่าจ้างให้ผู้อื่นทำงานแทน^zสหรัฐอเมริกา
700 1  เอกเกอร์ส, วิลเลียม ดี.
700 0  จักร ติงศภัทิย์,^eผู้แปล
700 0  กฤษฎา ปราโมทย์ธนา,^eผู้แปล
700 12 Goldsmith, Stephen.^tGoverning by network :^bthe new shapeof the public sector
945    ^p295^l0^i18215
995    เกษร
999    ^aใช้งานได้ทุกระบบ
รายการนี้ยังไม่มีแท็ก
คุณยังไม่ได้ล็อกอิน คุณสามารถมีกิจกรรมร่วมกับเว็บไซต์ได้ แต่ต้องล็อกอินก่อน ::
  ล็อกอิน

รายการสื่อสารสนเทศ

ลำดับที่ ประเภท เลขเรียก/บาร์โค้ด สถานที่ สถานะ
- ไม่พบข้อมูล -

รายการใกล้เคียง
    ผู้แต่ง [โกลด์สมิธ, สตีเฟน]

BibComment


ยังไม่เคยถูกคอมเมนท์

คอมเมนท์ทรัพยากรรายการนี้
  คอมเมนท์: การบริหารงานภาครั..


 Copyright 2026. Bcnsprnw @Library